<?xml version="1.0" encoding="UTF-8"?>
<record
    xmlns:xsi="http://www.w3.org/2001/XMLSchema-instance"
    xsi:schemaLocation="http://www.loc.gov/MARC21/slim http://www.loc.gov/standards/marcxml/schema/MARC21slim.xsd"
    xmlns="http://www.loc.gov/MARC21/slim">

  <leader>01401nam a2200229Ia 4500</leader>
  <datafield tag="999" ind1=" " ind2=" ">
    <subfield code="c">45517</subfield>
    <subfield code="d">45517</subfield>
  </datafield>
  <controlfield tag="001">12342</controlfield>
  <controlfield tag="003">GE_BSU</controlfield>
  <controlfield tag="005">20240703145118.0</controlfield>
  <controlfield tag="008">181216s2013||||ru |||||||||||||| ||rus||</controlfield>
  <datafield tag="020" ind1=" " ind2=" ">
    <subfield code="a">978896971024</subfield>
  </datafield>
  <datafield tag="040" ind1=" " ind2=" ">
    <subfield code="c">GE_BSU</subfield>
  </datafield>
  <datafield tag="041" ind1=" " ind2=" ">
    <subfield code="a">rus</subfield>
  </datafield>
  <datafield tag="080" ind1=" " ind2=" ">
    <subfield code="a">821.353.1-1 &#x417;-78</subfield>
  </datafield>
  <datafield tag="245" ind1=" " ind2=" ">
    <subfield code="a"> &#x417;&#x43E;&#x432; &#x410;&#x43B;&#x430;&#x437;&#x430;&#x43D;&#x438; : &#x428;&#x435;&#x434;&#x435;&#x432;&#x440;&#x44B; &#x433;&#x440;&#x443;&#x437;&#x438;&#x43D;&#x441;&#x43A;&#x43E;&#x439; &#x43F;&#x43E;&#x44D;&#x437;&#x438;&#x438; &#x432; &#x43F;&#x435;&#x440;&#x435;&#x432;&#x43E;&#x434;&#x430;&#x445; &#x440;&#x443;&#x441;&#x441;&#x43A;&#x438;&#x445; &#x43F;&#x43E;&#x44D;&#x442;&#x43E;&#x432; /</subfield>
    <subfield code="c">&#x41F;&#x43E;&#x434; &#x43E;&#x431;&#x449;&#x435;&#x439; &#x440;&#x435;&#x434;&#x430;&#x43A;&#x446;&#x438;&#x435;&#x439; &#x412;&#x43B;&#x430;&#x434;&#x438;&#x43C;&#x438;&#x440;&#x430; &#x425;&#x43E;&#x43C;&#x435;&#x440;&#x438;&#x43A;&#x438; ; &#x421;&#x43E;&#x441;&#x442;&#x430;&#x432;&#x43B;&#x435;&#x43D;&#x438;&#x435;, &#x43F;&#x440;&#x435;&#x434;&#x438;&#x441;&#x43B;&#x43E;&#x432;&#x438;&#x435; &#x438; &#x43A;&#x43E;&#x43C;&#x43C;&#x435;&#x43D;&#x442;&#x430;&#x440;&#x438;&#x438; &#x41C;&#x438;&#x445;&#x430;&#x438;&#x43B;&#x430; &#x421;&#x438;&#x43D;&#x435;&#x43B;&#x44C;&#x43D;&#x438;&#x43A;&#x43E;&#x432;&#x430; ; &#x424;&#x43E;&#x43D;&#x434; "&#x415;&#x434;&#x438;&#x43D;&#x435;&#x43D;&#x438;&#x44F; &#x440;&#x443;&#x441;&#x441;&#x43A;&#x43E;&#x433;&#x43E; &#x438; &#x433;&#x440;&#x443;&#x437;&#x438;&#x43D;&#x441;&#x43A;&#x43E;&#x433;&#x43E; &#x43D;&#x430;&#x440;&#x43E;&#x434;&#x430;" (&#x424;&#x43E;&#x43D;&#x434; &#x415;&#x420;&#x413;&#x41D;).</subfield>
  </datafield>
  <datafield tag="264" ind1=" " ind2=" ">
    <subfield code="a">&#x41C;&#x43E;&#x441;&#x43A;&#x432;&#x430; :</subfield>
    <subfield code="b">&#x424;&#x43E;&#x43D;&#x434; &#x415;&#x420;&#x413;&#x41D;,</subfield>
    <subfield code="c">2013.</subfield>
  </datafield>
  <datafield tag="300" ind1=" " ind2=" ">
    <subfield code="a">560 &#x441;&#x442;&#x440;. :</subfield>
    <subfield code="b">[8] &#x43B;. &#x438;&#x43B;., &#x43F;&#x43E;&#x440;&#x442;&#x440;. ;</subfield>
    <subfield code="c">21 &#x441;&#x43C;.</subfield>
  </datafield>
  <datafield tag="440" ind1=" " ind2=" ">
    <subfield code="a">&#x424;&#x43E;&#x43D;&#x434; "&#x415;&#x434;&#x438;&#x43D;&#x435;&#x43D;&#x438;&#x44F; &#x440;&#x443;&#x441;&#x441;&#x43A;&#x43E;&#x433;&#x43E; &#x438; &#x433;&#x440;&#x443;&#x437;&#x438;&#x43D;&#x441;&#x43A;&#x43E;&#x433;&#x43E; &#x43D;&#x430;&#x440;&#x43E;&#x434;&#x430;" (&#x424;&#x43E;&#x43D;&#x434; &#x415;&#x420;&#x413;&#x41D;)</subfield>
    <subfield code="9">22687</subfield>
  </datafield>
  <datafield tag="653" ind1=" " ind2=" ">
    <subfield code="a">&#x417;&#x43E;&#x432; &#x410;&#x43B;&#x430;&#x437;&#x430;&#x43D;&#x438;.&#x428;&#x435;&#x434;&#x435;&#x432;&#x440;&#x44B; &#x433;&#x440;&#x443;&#x437;&#x438;&#x43D;&#x441;&#x43A;&#x43E;&#x439; &#x43F;&#x43E;&#x44D;&#x437;&#x438;&#x438; &#x432; &#x43F;&#x435;&#x440;&#x435;&#x432;&#x43E;&#x434;&#x430;&#x445; &#x440;&#x443;&#x441;&#x441;&#x43A;&#x438;&#x445; &#x43F;&#x43E;&#x44D;&#x442;&#x43E;&#x432;</subfield>
  </datafield>
  <datafield tag="700" ind1=" " ind2=" ">
    <subfield code="a">&#x421;&#x438;&#x43D;&#x435;&#x43B;&#x44C;&#x43D;&#x438;&#x43A;&#x43E;&#x432;, &#x41C;&#x438;&#x445;&#x430;&#x438;&#x43B;</subfield>
    <subfield code="d"> </subfield>
    <subfield code="e">&#x10E8;&#x10D4;&#x10DB;&#x10D3;&#x10D2;&#x10D4;&#x10DC;&#x10D4;&#x10DA;&#x10D8;</subfield>
    <subfield code="9">22685</subfield>
  </datafield>
  <datafield tag="700" ind1=" " ind2=" ">
    <subfield code="a">&#x425;&#x43E;&#x43C;&#x435;&#x440;&#x438;&#x43A;&#x438;, &#x412;&#x43B;&#x430;&#x434;&#x438;&#x43C;&#x438;&#x440; &#x41A;&#x438;&#x440;&#x438;&#x43B;&#x43B;&#x43E;&#x432;&#x438;&#x447; </subfield>
    <subfield code="e">&#x10E0;&#x10D4;&#x10D3;&#x10D0;&#x10E5;&#x10E2;&#x10DD;&#x10E0;&#x10D8;, &#x10DE;&#x10E0;&#x10DD;&#x10D4;&#x10E5;&#x10E2;&#x10D8;&#x10E1; &#x10EE;&#x10D4;&#x10DA;&#x10DB;&#x10EB;&#x10E6;&#x10D5;&#x10D0;&#x10DC;&#x10D4;&#x10DA;&#x10D8;</subfield>
    <subfield code="9">22686</subfield>
  </datafield>
  <datafield tag="942" ind1=" " ind2=" ">
    <subfield code="c">BK</subfield>
    <subfield code="2">udc</subfield>
  </datafield>
  <datafield tag="952" ind1=" " ind2=" ">
    <subfield code="0">0</subfield>
    <subfield code="1">0</subfield>
    <subfield code="2">udc</subfield>
    <subfield code="4">0</subfield>
    <subfield code="6">82135311_&#x417;78</subfield>
    <subfield code="7">0</subfield>
    <subfield code="9">59555</subfield>
    <subfield code="a">CPL</subfield>
    <subfield code="b">CPL</subfield>
    <subfield code="c">GEN</subfield>
    <subfield code="d">2018-12-17</subfield>
    <subfield code="o">821.353.1-1 &#x417;-78</subfield>
    <subfield code="p">27056</subfield>
    <subfield code="r">2018-12-17</subfield>
    <subfield code="t">27056</subfield>
    <subfield code="w">2018-12-17</subfield>
    <subfield code="y">BK</subfield>
  </datafield>
</record>
